00395nam a2200109Ia 4500008004100000050002400041100002600065245007600091260008600167300002000253521001200273140724s9999 xx 000 0 und d aRA 971b.Av945 2014 aAvalon, Jacqueline R. aWard nurse’s lived experiences at station 3A /cJacqueline R. Avalon. aLas Piñas, Philippines :bSouthville International School and Colleges,cc2014. a77 p. :c28 cm. aNursing